Constitución Argentina (Registro nro. 3368)
[ vista simple ]
| 000 -LEADER | |
|---|---|
| fixed length control field | 01556 a2200217 4500 |
| 001 - CONTROL NUMBER | |
| control field | 41100 |
| 005 - DATE AND TIME OF LATEST TRANSACTION | |
| control field | 20260407155704.0 |
| 008 - FIXED-LENGTH DATA ELEMENTS--GENERAL INFORMATION | |
| fixed length control field | 260407a1996 arg spa d |
| 003 - CONTROL NUMBER IDENTIFIER | |
| control field | AR-UNSa-BCEJYS |
| 040 ## - CATALOGING SOURCE | |
| Original cataloging agency | AR-UNSa-BCEJYS |
| Language of cataloging | spa |
| Transcribing agency | AR-UNSa-BCEJYS |
| 080 ## - UNIVERSAL DECIMAL CLASSIFICATION NUMBER | |
| Universal Decimal Classification number | 342.4 |
| Common auxiliary subdivision | Constituciones. Asambleas legislativas. Asambleas nacionales (Reforma...) |
| 020 ## - INTERNATIONAL STANDARD BOOK NUMBER | |
| International Standard Book Number | 950-508-450-1 |
| 041 ## - LANGUAGE CODE | |
| Language code of text/sound track or separate title | spa |
| 100 1# - MAIN ENTRY--PERSONAL NAME | |
| Personal name | Zarini, Helio Juan |
| 245 10 - TITLE STATEMENT | |
| Title | Constitución Argentina |
| Name of part/section of a work | comentada y concordada |
| 264 #1 - PRODUCTION, PUBLICATION, DISTRIBUTION, MANUFACTURE, AND COPYRIGHT NOTICE | |
| Place of production, publication, distribution, manufacture | Buenos Aires : |
| Name of producer, publisher, distributor, manufacturer | Astrea |
| Date of production, publication, distribution, manufacture, or copyright notice | 1996 |
| 300 ## - PHYSICAL DESCRIPTION | |
| Extent | xxiii, 633 p. |
| Dimensions | 20 cm. |
| 505 ## - FORMATTED CONTENTS NOTE | |
| Formatted contents note | PRIMERA PARTE. 1. Declaraciones, derechos y garantías - 2. Nuevos derechos y garantías --SEGUNDA PARTE. Autoridades de la Nación. Título primero: Gobierno Federal. Sección primera: Del poder legislativo . 1. De la cámara de diputados - 2. Del senado - 3. Disposiciones comunes a ambas cámaras - 4. Atribuciones del congreso - 5. De la formación y sanción de las Leyes - 6. De la auditoría general de la nación - 7. Del defensor del pueblo -- Sección segunda: Del poder ejecutivo. 1. De su naturaleza y duración - 2. De la forma y tiempo de la elección del presidente y vicepresidente de la Nación - 3. Atribuciones del poder ejecutivo - 4. Del jefe de gabinete y demás ministros del poder ejecutivo -- Sección Tercera: Del poder judicial. 1. De su naturaleza y duración - 2. Atribuciones del poder judicial -- Sección Cuarta: Del ministerio público -- Título Segundo: Gobiernos de Provincia |
| 590 ## - LOCAL NOTE (RLIN) | |
| Local note | niveau_biblio:m niveau_hierar:0 |
| 942 ## - ADDED ENTRY ELEMENTS (KOHA) | |
| Koha item type | |
| Withdrawn status | Lost status | Damaged status | Not for loan | Home library | Current library | Shelving location | Date acquired | Total checkouts | Full call number | Barcode | Date last seen | Price effective from | Koha item type | Public note |
|---|---|---|---|---|---|---|---|---|---|---|---|---|---|---|
| Biblioteca Prof. Eusebio Cleto del Rey | Biblioteca Prof. Eusebio Cleto del Rey | 07/04/2026 | 342.4 Z37 | L70195 | 07/04/2026 | 07/04/2026 | Libro | |||||||
| Biblioteca Prof. Eusebio Cleto del Rey | Biblioteca Prof. Eusebio Cleto del Rey | 07/04/2026 | 342.4 Z37 | L70196 | 07/04/2026 | 07/04/2026 | Libro | PARTIDO - LÁPIZ |